| 000 | 00913nac a22002417a 4500 | ||
|---|---|---|---|
| 001 | BR7375251 | ||
| 003 | BR-BrBNA | ||
| 005 | 20240105113726.0 | ||
| 008 | 230509b bl.|||m| |||| 00| 0 por d | ||
| 040 |
_aBR-BrBNA _bpor _cBiblioteca Nacional de Agricultura |
||
| 072 | _aE50 | ||
| 090 | _aE50 BR7375251 | ||
| 100 | 1 | _aSchmidt, C.B. | |
| 110 | 1 | _aSecretaria da Agricultura do Estado de Sao Paulo, Sao Paulo (Brasil). Diretoria de Publicidade Agricola | |
| 245 | 1 | _aConstrucoes de taipa, alguns aspectos do seu emprego e da sua tecnica | |
| 260 | 3 |
_aSao Paulo, SP (Brasil): _c1949. |
|
| 300 | _a32 p. | ||
| 490 |
_aPublicacao - Secretaria da Agricultura do Estado de Sao Paulo. Diretoria de Publicidade Agricola (Brazil) _vno. 774 _x |
||
| 500 | _a24 illus.; Reprint of "Boletim de Agricultura" (1946) | ||
| 650 | _aHABITACAO | ||
| 909 |
_a202312 _bLúcia Elande _c55 _dLúcia Elande |
||
| 942 |
_2AGRIS _n0 _cMS |
||
| 999 |
_c265196 _d265196 |
||